000 00286nam a22001337a 4500
008 170208b xxu||||| |||| 00| 0 eng d
020 _a902627
041 _aeng
080 _a61
100 _a4
101 _aSHM
245 _aTHE DOCTORS' BIG BLACK BAG
_cBOTTOM LINE
942 _2udc
_cBK
999 _c4946
_d4946